Language and symbolic systems

Saved in:
Bibliographic Details
Main Author: Chao, Yuen Ren, 1892-1982
Format: Book
Language:English
Published: Cambridge : Cambridge University Press, 1968
Subjects:
Tags: Add Tag
No Tags, Be the first to tag this record!

MARC

LEADER 00000cam a2200000 i 4500
001 1/101085
008 090211s1968 eng d
035 |l 10103114 
040 |a GR-MY-UA  |b gre  |e aacr 
041 0 |a eng 
082 0 |a 400  |2 (22) 
100 1 |a Chao, Yuen Ren,   |d 1892-1982. 
245 1 0 |a Language and symbolic systems /  |c by Yen Ren Chao 
260 |a Cambridge :   |b Cambridge University Press,   |c 1968 
300 |a xv, 240 σ.;  |b εικ.;  |c 21 εκ. 
504 |a Περιέχει βιβλιογραφία (σ. 228-229) και ευρετήριο 
650 0 0 |a Language and languages. 
650 0 0 |a Signs and symbols. 
650 0 0 |a Writing. 
852 |a INST  |b SAMOS  |c MAG  |e 20090211  |h 400 CHA  |p 005300029382  |q 005300029382  |t BK  |y 0 
901 |a BIBL3-2009-1 
909 |a Σ  |b 155587 
970 |a ΣΙΤΖΙΜΗ  |b ΓΙΑΣΕΜΗ  |z 2009/02/11